IFM Opac

Risk Takers: Uses and Abuses of Financial Derivatives (Record no. 11815)

MARC details
000 -LEADER
fixed length control field 00608nam a2200205Ia 4500
003 - CONTROL NUMBER IDENTIFIER
control field OSt
005 - DATE AND TIME OF LATEST TRANSACTION
control field 20220811154348.0
008 - FIXED-LENGTH DATA ELEMENTS--GENERAL INFORMATION
fixed length control field 220811b |||||||| |||| 00| 0 eng d
020 ## - INTERNATIONAL STANDARD BOOK NUMBER
International Standard Book Number 978-0-321-54256-4
040 ## - CATALOGING SOURCE
Transcribing agency IFM Library
082 ## - DEWEY DECIMAL CLASSIFICATION NUMBER
Classification number 332.64 57
100 ## - MAIN ENTRY--PERSONAL NAME
Personal name Marthinsen, John E.
9 (RLIN) 8648
245 ## - TITLE STATEMENT
Title Risk Takers: Uses and Abuses of Financial Derivatives
250 ## - EDITION STATEMENT
Edition statement 2nd ed.
260 ## - PUBLICATION, DISTRIBUTION, ETC.
Place of publication, distribution, etc. London:
Name of publisher, distributor, etc. Pearson Prentice Hall,
Date of publication, distribution, etc. 2009
300 ## - PHYSICAL DESCRIPTION
Extent xx, 328p.: ill.; 23cm
500 ## - GENERAL NOTE
General note Includes Bibliographical References and Index.
650 ## - SUBJECT ADDED ENTRY--TOPICAL TERM
Topical term or geographic name entry element Risk Management Derivative
9 (RLIN) 8649
942 ## - ADDED ENTRY ELEMENTS (KOHA)
Koha item type Books
Source of classification or shelving scheme Dewey Decimal Classification
Suppress in OPAC No
Holdings
Withdrawn status Lost status Source of classification or shelving scheme Damaged status Not for loan Collection code Home library Current library Shelving location Date acquired Source of acquisition Full call number Barcode Date last seen Price effective from Koha item type
    Dewey Decimal Classification     Non-fiction IFM Main Campus Library IFM Main Campus Library General Collection 08/11/2022 Purchase 332.64 57 MAR 0000028004 05/15/2015 02/19/2022 Books
    Dewey Decimal Classification     Non-fiction IFM Main Campus Library IFM Main Campus Library General Collection 08/11/2022 Purchase 332.64 57 MAR 0000028003 10/27/2015 02/19/2022 Books
    Dewey Decimal Classification     Non-fiction IFM Main Campus Library IFM Main Campus Library General Collection 08/11/2022 Purchase 332.64 57 MAR 0000028005 10/27/2015 02/19/2022 Books
    Dewey Decimal Classification     Non-fiction IFM Main Campus Library IFM Main Campus Library General Collection 08/11/2022 Purchase 332.64 57 MAR 0000027999 10/04/2021 10/04/2021 Books
    Dewey Decimal Classification     Non-fiction IFM Main Campus Library IFM Main Campus Library General Collection 08/11/2022 Purchase 332.64 57 MAR 0000028002 10/04/2021 10/04/2021 Books